000 00321nam a2200133Ia 4500
008 230818s9999 xx 000 0 und d
041 _aeng
100 _alilicrap
245 _afood and beverage service(9th ed
260 _bHodder Arnold
300 _a466p
520 _aGeneral
999 _c853280
_d853280
650 _aFood and Beverage service